Statistics for Straits on the World Map

Click here to take the quiz!

General Stats

  • This quiz has been taken 784 times
    (464 since last reset)
  • The average score is 5 of 15

Answer Stats

Strait % Correct
Strait of Gibraltar
91%
Bering Strait
83%
Bosphorus
50%
Strait of Magellan
47%
Florida Strait
43%
Strait of Malacca
42%
Taiwan Strait
39%
Korea Strait
35%
Torres Strait
30%
Cook Strait
27%
Kattegat
16%
Golden Gate
14%
Palk Strait
12%
Bab-el-Mandeb
11%
The Narrows
3%

Score Distribution

Percentile by Number Answered

Percent of People with Each Score

Your Score History

You have not taken this quiz since the last reset